LEADER 02336nam 22005652u 450 001 9910145254503321 005 20180504124450.0 010 $a1-281-31042-5 010 $a9786611310424 010 $a0-470-70568-X 010 $a0-470-77349-9 010 $a0-470-77527-0 035 $a(CKB)1000000000401446 035 $a(EBL)351549 035 $a(OCoLC)430819696 035 $a(SSID)ssj0000162316 035 $a(PQKBManifestationID)11169694 035 $a(PQKBTitleCode)TC0000162316 035 $a(PQKBWorkID)10201219 035 $a(PQKB)11208002 035 $a(EXLCZ)991000000000401446 100 $a20100913d2007|||| u|| | 101 0 $aeng 135 $aur|n|---||||| 181 $ctxt 182 $cc 183 $acr 200 14$aThe German Language$b[electronic resource] $eA Linguistic Introduction 210 $aChichester $cJohn Wiley & Sons, Ltd.$d2007 215 $a1 online resource (274 p.) 300 $aDescription based upon print version of record. 311 $a0-631-23138-2 327 $aContents; Preface; Abbreviations; 1 Introduction; 2 Syntax; 3 Morphology; 4 Phonetics; 5 Phonology; 6 Lexis; 7 Stylistics; 8 Historical Background; 9 Contemporary Variation; References; Index; 330 $aThe German Language introduces students of German to a linguistic way of looking at the language. Written from a Chomksyan perspective, this volume covers the basic structural components of the German language: syntax, morphology, phonetics, phonology, and the lexicon.:.; Explores the linguistic structure of German from current theoretical perspectives.; Written from a Chomksyan perspective, this volume covers the basic structural components of the German language: syntax, morphology, phonetics, phonology, and the lexicon.; Serves as a valuable resource for students of German language and lite 606 $aGerman language 606 $aLanguage / Linguistics 608 $aElectronic books. 615 4$aGerman language. 615 4$aLanguage / Linguistics. 676 $a430 676 $a438/.0071 700 $aBoase-Beier$b Jean$0706438 701 $aLodge$b Ken R$0330420 801 0$bAU-PeEL 801 1$bAU-PeEL 801 2$bAU-PeEL 906 $aBOOK 912 $a9910145254503321 996 $aThe German Language$92202138 997 $aUNINA LEADER 01114nam a2200313 i 4500 001 991002978059707536 005 20021022144506.0 008 960610s1977 it ||| | ita 035 $ab11736860-39ule_inst 035 $aLE021FD223874$9ExL 040 $aDip. SSSC$bita 082 0 $a791.43 100 1 $aStern, Lee Edward$0529841 245 13$aIl Musical /$cLee Edward Stern ; a cura di Ted Sennet [cioč Sennett] 260 $aMilano :$bMilano libri,$c1977 300 $a160 p. :$bill. ;$c20 cm. 490 0 $aStoria illustrata del cinema 500 $aTit. orig. : The movie musical. - Trad. di R. Bianchi, N. Del Buono. 650 4$aFilm musicali$zStati Uniti d'America 650 4$aMusical 700 1 $aSennett, Ted 700 1 $aBianchi, Ruggero 700 1 $aDel Buono, Nicoletta 907 $a.b11736860$b27-04-17$c24-10-02 912 $a991002978059707536 945 $aLE021FD C28B64$g1$iLE021FD-1800$lle023$nFondo D'Amico$o-$pE0.00$q-$rn$so $t0$u0$v0$w0$x0$y.i11976779$z24-10-02 996 $aMusical$9903514 997 $aUNISALENTO 998 $ale021$b10-06-96$cm$da $e-$fita$git $h3$i1 LEADER 02795oas 2201021 a 450 001 9910141561303321 005 20260218110824.0 011 $a1942-8553 035 $a(DE-599)ZDB2249508-3 035 $a(OCoLC)60622483 035 $a(CONSER) 2008228522 035 $a(CKB)110975507367622 035 $a(DE-599)2249508-3 035 $a(EXLCZ)99110975507367622 100 $a20050614a19809999 uy a 101 0 $aeng 135 $aur||||||||||| 181 $ctxt$2rdacontent 182 $cc$2rdamedia 183 $acr$2rdacarrier 200 00$aUCLA journal of environmental law & policy 210 $a[Los Angeles] $c[UCLA School of Law, Environmental Law Society] 215 $a1 online resource ( volumes) 300 $aRefereed/Peer-reviewed 311 08$a0733-401X 517 1 $aUCLA journal of environmental law and policy 517 1 $aUniversity of California, Los Angeles journal of environmental law and policy 517 1 $aU.C.L.A. journal of environmental law & policy 517 1 $aJournal of environmental law & policy 517 1 $aUCLA J. Envtl. L. & Pol'y 606 $aEnvironmental law$zUnited States$vPeriodicals 606 $aEnvironmental law$2fast$3(OCoLC)fst00913122 606 $aEnvironmental issues$2galestne 606 $aLaw$2galestne 607 $aUnited States$2fast$1https://id.oclc.org/worldcat/entity/E39PBJtxgQXMWqmjMjjwXRHgrq 608 $aperiodicals.$2aat 608 $aLaw reviews.$2fast 608 $aPeriodicals.$2fast 608 $aMAG (Magazine/Journal)$2galestne 608 $aInternet resources.$2gtlm 608 $aLaw reviews.$2lcgft 608 $aRevues de droit.$2rvmgf 608 $aPe?riodiques.$2rvmgf 615 0$aEnvironmental law 615 7$aEnvironmental law. 615 7$aEnvironmental issues. 615 7$aLaw. 676 $a344 712 02$aEnvironmental Law Society (University of California, Los Angeles), 801 0$bOCLCS 801 1$bOCLCS 801 2$bDOS 801 2$bDLC 801 2$bOCLCQ 801 2$bBUF 801 2$bOCLCO 801 2$bCUS 801 2$bOCLCF 801 2$bOCLCO 801 2$bCUS 801 2$bOCLCQ 801 2$bZ5A 801 2$bOCLCO 801 2$bOCL 801 2$bUUM 801 2$bVT2 801 2$bOCLCO 801 2$bCLU 801 2$bOCLCO 801 2$bRDF 801 2$bOCLCQ 801 2$bIOY 801 2$bOCLCL 801 2$bLND 801 2$bUEJ 801 2$bFIE 801 2$bS2H 801 2$bUAB 801 2$bADU 801 2$bCCT 801 2$bCLU 801 2$bU3W 801 2$bOCLCL 801 2$bOCLCQ 906 $aJOURNAL 912 $a9910141561303321 996 $aUCLA journal of environmental law & policy$92111090 997 $aUNINA